[Event "Ungdoms-DM U14 2025"]
[Site "Odense"]
[Date "2025.09.27"]
[Round "3"]
[White "Shajan, Alan Pattayil"]
[Black "Justesen, Laurits Skovgaard"]
[Result "1-0"]
[WhiteElo "1992"]
[BlackElo "1815"]
[WhiteFideId "33436134"]
[BlackFideId "1482300"]
[EventDate "2025.09.26"]
[EventType "swiss"]
[EventRounds "5"]
[EventCountry "DEN"]
[SourceTitle "Turneringssystemet"]

1. e4 c6 2. d4 d5 3. exd5 cxd5 4. Bd3 Nc6 5. c3 e6 6. Bf4 Bd6 7. Bxd6 Qxd6 8. Nf3 Nge7 9. Nbd2 O-O 10. O-O f5 11. Re1 Ng6 12. Nf1 Bd7 13. Qd2 Nd8 14. Rac1 Rc8 15. Ne3 Nf7 16. c4 Nf4 17. Bf1 Bc6 18. c5 Qc7 19. Nc2 Bd7 20. Nb4 h6 21. Nd3 Nxd3 22. Bxd3 g5 23. b4 a6 24. Ne5 Nxe5 25. Rxe5 Rfe8 26. Rce1 Qd8 27. h3 Qf6 28. f4 Kh8 29. Qe2 Qg6 30. Qf3 gxf4 31. Qxf4 Rg8 32. R1e2 Qg5 33. Qxg5 Rxg5 34. R5e3 Rcg8 35. Rd2 Rg3 36. Rxg3 Rxg3 37. Kf2 Rg5 38. Rb2 Rg7 39. Kf3 Kg8 40. b5 axb5 41. Bxb5 Kf8 42. Bxd7 Rxd7 43. Kf4 Kf7 44. Ke5 Re7 45. Rb6 h5 46. a4 f4 47. h4 1-0

[Event "Ungdoms-DM U14 2025"]
[Site "Odense"]
[Date "2025.09.27"]
[Round "3"]
[White "Johansen, Matti Gormsen"]
[Black "Khandelia, Atharva"]
[Result "0-1"]
[WhiteElo "1200"]
[BlackElo "1697"]
[WhiteFideId ""]
[BlackFideId "1473255"]
[EventDate "2025.09.26"]
[EventType "swiss"]
[EventRounds "5"]
[EventCountry "DEN"]
[SourceTitle "Turneringssystemet"]

1. e4 e5 2. Nf3 Nc6 3. Bc4 Bc5 4. O-O Nf6 5. c3 O-O 6. d4 exd4 7. cxd4 Bb6 8. d5 Na5 9. Bd3 c5 10. Bd2 c4 11. Bc2 d6 12. b4 cxb3 13. axb3 Bc7 14. Bd3 b6 15. b4 Nb7 16. Nc3 a5 17. Re1 Bg4 18. Re3 axb4 19. Nb5 Nc5 20. Bc2 Bxf3 21. Rxf3 Qd7 22. Nxc7 Rxa1 23. Qxa1 Qxc7 24. Bxb4 Ncxe4 25. Bxe4 Nxe4 26. Ra3 Qc4 27. Bc3 f6 28. Bd4 b5 29. f3 Ng5 30. h4 Nf7 31. Ra8 Qxd5 32. Rxf8+ Kxf8 33. Qa7 Qe6 34. Qb8+ Qe8 35. Qb7 Qe1+ 36. Kh2 Qxh4+ 37. Kg1 Qxd4+ 38. Kh2 Qe5+ 39. Kg1 Ng5 40. Qc8+ Kf7 41. Qd7+ Qe7 42. Qxb5 Qe1+ 43. Kh2 Qe5+ 44. Qxe5 fxe5 45. Kg3 Kf6 46. f4 exf4+ 47. Kxf4 d5 48. g4 d4 49. Kg3 d3 50. Kf2 Ne4+ 51. Ke1 Ke5 52. g5 Kd4 53. g6 hxg6 54. Kd1 Kc3 55. Kc1 d2+ 56. Kd1 Nf2+ 57. Ke2 d1=Q+ 58. Kxf2 Qd3 59. Kg2 Qe3 60. Kh2 Qg5 61. Kh3 Kd3 62. Kh2 Ke2 63. Kh3 Kf2 0-1

[Event "Ungdoms-DM U14 2025"]
[Site "Odense"]
[Date "2025.09.27"]
[Round "3"]
[White "Henriksen, Otto Skovslund"]
[Black "Borgesen, Asmund Bech"]
[Result "1-0"]
[WhiteElo "1765"]
[BlackElo "1575"]
[WhiteFideId "1484583"]
[BlackFideId "1480367"]
[EventDate "2025.09.26"]
[EventType "swiss"]
[EventRounds "5"]
[EventCountry "DEN"]
[SourceTitle "Turneringssystemet"]

1. d4 f5 2. c4 Nf6 3. g3 g6 4. Bg2 Bg7 5. Nc3 O-O 6. Nh3 d6 7. d5 e5 8. dxe6 Bxe6 9. Bxb7 Nbd7 10. Bxa8 Qxa8 11. O-O Bxc4 12. Nf4 Bf7 13. Bd2 Re8 14. Rc1 d5 15. Nb5 Qb7 16. Nd4 Qxb2 17. e3 c5 18. Qc2 Qb6 19. Nde2 Ne4 20. Bc3 d4 21. exd4 cxd4 22. Ba1 g5 23. Nd3 Bh5 24. Rfe1 Bf3 25. Qb3+ Qe6 26. Qxe6+ Rxe6 27. Rc8+ Nf8 28. Nxd4 Bxd4 29. Bxd4 Rd6 30. Bc5 Nxc5 31. Nxc5 Kf7 32. Rc7+ Kg6 33. Rxa7 f4 34. Ra6 1-0

[Event "Ungdoms-DM U14 2025"]
[Site "Odense"]
[Date "2025.09.27"]
[Round "3"]
[White "Waage, Sixten Storm"]
[Black "Perapechka, Daniil"]
[Result "1-0"]
[WhiteElo "1426"]
[BlackElo "1491"]
[WhiteFideId ""]
[BlackFideId "1485652"]
[EventDate "2025.09.26"]
[EventType "swiss"]
[EventRounds "5"]
[EventCountry "DEN"]
[SourceTitle "Turneringssystemet"]

1. d4 d5 2. Bf4 c5 3. c3 Nc6 4. Nf3 c4 5. Nbd2 Bf5 6. b3 cxb3 7. Qxb3 Rb8 8. Bxb8 Qxb8 9. e3 e6 10. Bb5 Qc7 11. Ne5 Nge7 12. Nxc6 Nxc6 13. O-O Bd6 14. g3 O-O 15. Bxc6 bxc6 16. Qd1 Qe7 17. Qe2 Qf6 18. e4 Bh3 19. e5 Bxf1 20. Kxf1 Bxe5 21. dxe5 Qf5 22. Nf3 Rb8 23. Nd4 Qh3+ 24. Kg1 Rc8 25. Qa6 Rf8 26. Rb1 Qg4 27. Qe2 Qg6 28. Rb2 Qg5 29. f4 Qe7 30. Kg2 Qc7 31. Qa6 c5 32. Rb7 Qd8 33. Nc6 Qe8 34. Rb8 Qd7 35. Qb7 Qxb7 36. Rxb7 a6 37. Ra7 1-0

[Event "Ungdoms-DM U14 2025"]
[Site "Odense"]
[Date "2025.09.28"]
[Round "4"]
[White "Sandmann, Villads Majvang"]
[Black "Shajan, Alan Pattayil"]
[Result "1/2-1/2"]
[WhiteElo "2178"]
[BlackElo "1992"]
[WhiteFideId "1472313"]
[BlackFideId "33436134"]
[EventDate "2025.09.26"]
[EventType "swiss"]
[EventRounds "5"]
[EventCountry "DEN"]
[SourceTitle "Turneringssystemet"]

1. d4 Nf6 2. c4 g6 3. Nc3 d5 4. cxd5 Nxd5 5. e4 Nxc3 6. bxc3 Bg7 7. Bc4 c5 8. Ne2 Nc6 9. Be3 O-O 10. O-O a6 11. dxc5 Qc7 12. f3 Ne5 13. Bb3 Rd8 14. Qc2 Bd7 15. Nf4 e6 16. Kh1 Bf8 17. Qf2 Rdc8 18. Qg3 Bg7 19. Bd4 Nc6 20. Rad1 Bh6 21. Nh5 Nxd4 22. cxd4 Qxg3 23. Nxg3 b6 24. cxb6 Rab8 25. e5 Rxb6 26. Ne4 Bc6 27. Nd6 Rd8 28. Nc4 Rb4 29. Rfe1 Bd5 30. Na5 1/2-1/2

[Event "Ungdoms-DM U14 2025"]
[Site "Odense"]
[Date "2025.09.28"]
[Round "4"]
[White "Ahl, Eskil Rosenlund"]
[Black "Bekmukhanov, Sauran"]
[Result "1-0"]
[WhiteElo "1898"]
[BlackElo "1914"]
[WhiteFideId "1481789"]
[BlackFideId "1472844"]
[EventDate "2025.09.26"]
[EventType "swiss"]
[EventRounds "5"]
[EventCountry "DEN"]
[SourceTitle "Turneringssystemet"]

1. e4 e5 2. Nf3 Nc6 3. Bc4 Bc5 4. b4 Bxb4 5. c3 Ba5 6. d4 exd4 7. O-O Nge7 8. cxd4 d5 9. exd5 Nxd5 10. Qb3 Nce7 11. Ba3 b5 12. Bxd5 b4 13. Bxa8 Ba6 14. Qa4+ c6 15. Bxc6+ Kf8 16. Bb5 1-0

[Event "Ungdoms-DM U14 2025"]
[Site "Odense"]
[Date "2025.09.28"]
[Round "4"]
[White "Ravikumar, Hanesh"]
[Black "Fyhn, Buster Hulthin"]
[Result "1-0"]
[WhiteElo "1969"]
[BlackElo "1918"]
[WhiteFideId "1481878"]
[BlackFideId "1481800"]
[EventDate "2025.09.26"]
[EventType "swiss"]
[EventRounds "5"]
[EventCountry "DEN"]
[SourceTitle "Turneringssystemet"]

1. c4 e6 2. g3 d5 3. Bg2 Nf6 4. Nf3 dxc4 5. Na3 Bxa3 6. bxa3 b5 7. a4 a6 8. Ba3 Bb7 9. Qb1 Be4 10. Qc1 Nbd7 11. Nh4 Bxg2 12. Nxg2 c5 13. Bb2 O-O 14. axb5 axb5 15. a4 Qb6 16. Ne3 Nd5 17. O-O Nxe3 18. fxe3 Rxa4 19. Rxa4 bxa4 20. Qa1 f6 21. Qxa4 Rd8 22. Bc3 Qb3 23. Qc6 Qb6 24. Qe4 Qd6 25. Qxc4 Nb6 26. Qg4 Kf7 27. Ra1 Qd5 28. e4 Qg5 29. Qxg5 fxg5 30. Ra6 Nd7 31. Ra7 Kg6 32. Ba5 Nb6 33. Bxb6 Rxd2 34. Kf2 c4 35. Rc7 Rc2 36. Bd4 Kh5 37. Rxg7 h6 38. h3 Rc1 39. Kf3 c3 40. Bf2 Rg1 41. g4+ Rxg4 42. hxg4# 1-0

[Event "Ungdoms-DM U14 2025"]
[Site "Odense"]
[Date "2025.09.28"]
[Round "4"]
[White "Waage, Sixten Storm"]
[Black "Henriksen, Otto Skovslund"]
[Result "1/2-1/2"]
[WhiteElo "1426"]
[BlackElo "1765"]
[WhiteFideId ""]
[BlackFideId "1484583"]
[EventDate "2025.09.26"]
[EventType "swiss"]
[EventRounds "5"]
[EventCountry "DEN"]
[SourceTitle "Turneringssystemet"]

1. d4 d5 2. Bf4 c5 3. c3 Nc6 4. Nf3 Nf6 5. e3 Qb6 6. Qb3 c4 7. Qxb6 axb6 8. Nbd2 Bf5 9. b3 b5 10. Be2 Nh5 11. O-O Nxf4 12. exf4 e6 13. b4 Bd6 14. g3 Ke7 15. Nh4 Bg6 16. Nxg6+ hxg6 17. Nf3 Ra3 18. Rfc1 Rha8 19. Rc2 Na7 20. Nd2 Nc8 21. Nb1 R3a7 22. Bd1 Nb6 23. Re2 Rh8 24. Nd2 Kd7 25. a3 Re8 26. Nf3 Kc6 27. Bc2 Rea8 28. Ng5 Rf8 29. Bd1 Raa8 30. Rea2 Na4 31. Bxa4 bxa4 32. Re1 Rae8 33. Nf3 Re7 34. Rae2 Rfe8 35. Kg2 f6 36. Kh3 g5 37. fxg5 e5 38. gxf6 gxf6 39. Kg4 e4 40. Nd2 Rg7+ 41. Kh3 Rh8+ 42. Kg2 f5 43. Rd1 f4 44. Ree1 f3+ 45. Kg1 Rf7 46. Nf1 b5 47. Rd2 Be7 48. Rc2 Bg5 49. Ne3 Rhf8 50. Ng4 Kd6 51. Ne5 Rf5 52. Ng4 Rg8 53. Ne3 Bxe3 54. fxe3 Rfg5 55. Kf2 Ke6 1/2-1/2

[Event "Ungdoms-DM U14 2025"]
[Site "Odense"]
[Date "2025.09.28"]
[Round "4"]
[White "Kamal, Yogasimman"]
[Black "Nielsen, Johannes Smedegaard"]
[Result "1-0"]
[WhiteElo "1830"]
[BlackElo "1664"]
[WhiteFideId "1477196"]
[BlackFideId "1472860"]
[EventDate "2025.09.26"]
[EventType "swiss"]
[EventRounds "5"]
[EventCountry "DEN"]
[SourceTitle "Turneringssystemet"]

1. e4 e5 2. Nf3 Nc6 3. Bc4 Bc5 4. c3 Nf6 5. d3 O-O 6. O-O d5 7. exd5 Nxd5 8. h3 b6 9. b4 Be7 10. Qa4 Bb7 11. Bb5 Qd6 12. Re1 Bf6 13. Bxc6 Bxc6 14. b5 Bb7 15. Ba3 Qe6 16. Bxf8 Rxf8 17. Qg4 Qxg4 18. hxg4 e4 19. dxe4 Nxc3 20. e5 Nxb1 21. Raxb1 Be7 22. Rbd1 Bb4 23. Re2 c5 24. bxc6 Bxc6 25. Rc1 Bb5 26. Re4 Bc5 27. Ree1 Rc8 28. g5 Ba6 29. Red1 Bb5 30. Nd4 Ba4 31. Nb3 Bxb3 32. axb3 Kf8 33. b4 1-0

[Event "Ungdoms-DM U14 2025"]
[Site "Odense"]
[Date "2025.09.28"]
[Round "4"]
[White "Justesen, Laurits Skovgaard"]
[Black "Johansen, Matti Gormsen"]
[Result "1-0"]
[WhiteElo "1815"]
[BlackElo "1200"]
[WhiteFideId "1482300"]
[BlackFideId ""]
[EventDate "2025.09.26"]
[EventType "swiss"]
[EventRounds "5"]
[EventCountry "DEN"]
[SourceTitle "Turneringssystemet"]

1. c4 c5 2. g3 Nc6 3. Bg2 e6 4. Nc3 Nge7 5. e4 g6 6. d3 Bg7 7. Nge2 O-O 8. O-O b6 9. f4 Bb7 10. Rb1 Nd4 11. a3 a6 12. Bd2 b5 13. cxb5 axb5 14. Nxd4 Bxd4+ 15. Kh1 Ba6 16. e5 Rb8 17. b4 Qc7 18. Ne2 Nf5 19. Qc1 d6 20. g4 Nh4 21. Nxd4 Bb7 22. Nf3 Nxg2 23. Kxg2 Qe7 24. exd6 Qh4 25. h3 h5 26. g5 f6 27. Be1 fxg5 28. Bxh4 gxh4 29. bxc5 Bc6 30. Kh2 Rb7 31. Ne5 Rc8 32. Nxg6 Rg7 33. Rg1 b4 34. Qb2 bxa3 35. Ne7+ Kh8 36. Qxg7# 1-0

[Event "Ungdoms-DM U14 2025"]
[Site "Odense"]
[Date "2025.09.28"]
[Round "5"]
[White "Ahl, Eskil Rosenlund"]
[Black "Sandmann, Villads Majvang"]
[Result "0-1"]
[WhiteElo "1898"]
[BlackElo "2178"]
[WhiteFideId "1481789"]
[BlackFideId "1472313"]
[EventDate "2025.09.26"]
[EventType "swiss"]
[EventRounds "5"]
[EventCountry "DEN"]
[SourceTitle "Turneringssystemet"]

1. e4 c5 2. a3 e6 3. b4 d6 4. bxc5 dxc5 5. Nc3 Nc6 6. Bb5 Bd7 7. Nf3 a6 8. Bxc6 Bxc6 9. Ne5 Qc7 10. Nxc6 Qxc6 11. a4 Nf6 12. Qe2 b6 13. O-O Be7 14. f4 O-O 15. d3 Rac8 16. Rf3 c4 17. Bb2 b5 18. axb5 axb5 19. Nd1 b4 20. Bxf6 Bxf6 21. e5 Be7 22. dxc4 Qxc4 23. Qxc4 Rxc4 24. c3 b3 25. Rb1 Rb8 26. Kf1 f6 27. g3 fxe5 28. fxe5 Bd8 29. Rd3 Bc7 30. Re3 Rc5 31. c4 Rxc4 32. Rexb3 Rxb3 33. Rxb3 Bxe5 34. Re3 Rc1 35. Ke2 Rc5 36. Nf2 Rc2+ 37. Kd1 Rxf2 38. Rxe5 Kf7 39. Rh5 h6 40. Ke1 Ra2 41. h3 Kf6 42. Rb5 Rh2 43. Kf1 e5 44. h4 Rd2 45. Rb3 Kf5 46. Rb7 g6 47. Rf7+ Ke6 48. Rg7 Kf6 49. Rb7 h5 50. Rb6+ Kf5 51. Rb5 Ra2 52. Rc5 Ke4 53. Rb5 Kf3 54. Rb3+ Kg4 55. Re3 Kf5 56. Rf3+ Ke6 57. Re3 Rc2 58. Re4 Kf5 59. Rb4 e4 60. Rb5+ Kg4 61. Rb3 Kh3 62. Re3 Rg2 63. Rxe4 Rxg3 64. Kf2 Rg4 65. Re6 Kxh4 66. Re3 Kg5 67. Re5+ Kh6 68. Kf3 Ra4 69. Re6 h4 70. Rb6 Kh5 71. Kg2 g5 72. Rf6 Kg4 73. Rf2 h3+ 74. Kh2 Kh4 75. Rb2 g4 76. Rb1 Ra2+ 77. Kh1 Rd2 78. Ra1 g3 79. Rb1 Kg4 80. Rb4+ Kf3 81. Rb3+ Kf4 82. Rb1 Ke3 83. Re1+ Kd3 84. Rb1 Ke2 85. Rg1 Rd1 0-1

[Event "Ungdoms-DM U14 2025"]
[Site "Odense"]
[Date "2025.09.28"]
[Round "5"]
[White "Shajan, Alan Pattayil"]
[Black "Ravikumar, Hanesh"]
[Result "0-1"]
[WhiteElo "1992"]
[BlackElo "1969"]
[WhiteFideId "33436134"]
[BlackFideId "1481878"]
[EventDate "2025.09.26"]
[EventType "swiss"]
[EventRounds "5"]
[EventCountry "DEN"]
[SourceTitle "Turneringssystemet"]

1. e4 c6 2. d4 d5 3. exd5 cxd5 4. Bd3 Nc6 5. c3 Nf6 6. Bf4 Bg4 7. Qb3 Qd7 8. Nd2 e6 9. Ngf3 Bd6 10. Bxd6 Qxd6 11. O-O Rb8 12. Rae1 O-O 13. Ne5 Bh5 14. Re3 Bg6 15. Bxg6 hxg6 16. Qd1 b5 17. b4 Ne7 18. Nb3 Nd7 19. Nxd7 Qxd7 20. Nc5 Qc6 21. f4 Nf5 22. Rd3 Ra8 23. Qg4 a5 24. a3 axb4 25. axb4 Ra2 26. Qd1 Rfa8 27. Re1 R8a3 28. Qc1 Qa8 29. Red1 Nh4 30. g3 Rg2+ 31. Kh1 Raa2 32. gxh4 Rxh2+ 33. Kg1 Rag2+ 34. Kf1 Qa2 35. R1d2 Rxd2 0-1

[Event "Ungdoms-DM U14 2025"]
[Site "Odense"]
[Date "2025.09.28"]
[Round "5"]
[White "Fyhn, Buster Hulthin"]
[Black "Khandelia, Atharva"]
[Result "1-0"]
[WhiteElo "1918"]
[BlackElo "1697"]
[WhiteFideId "1481800"]
[BlackFideId "1473255"]
[EventDate "2025.09.26"]
[EventType "swiss"]
[EventRounds "5"]
[EventCountry "DEN"]
[SourceTitle "Turneringssystemet"]

1. e4 e5 2. Nf3 Nc6 3. Bb5 Nf6 4. d3 d6 5. c3 Bd7 6. O-O Be7 7. Re1 O-O 8. Nbd2 a6 9. Ba4 b5 10. Bc2 Bg4 11. h3 Bh5 12. Nf1 d5 13. Ng3 Bg6 14. exd5 Qxd5 15. Nh4 Kh8 16. Nxg6+ fxg6 17. Be3 Rad8 18. Qe2 Bd6 19. Bb3 Nd4 20. Bxd4 Qc6 21. Bxe5 Bxe5 22. Qxe5 Rxd3 23. Rad1 Rxd1 24. Rxd1 Re8 25. Qd4 a5 26. Qh4 h5 27. Bf7 1-0

[Event "Ungdoms-DM U14 2025"]
[Site "Odense"]
[Date "2025.09.28"]
[Round "5"]
[White "Bekmukhanov, Sauran"]
[Black "Waage, Sixten Storm"]
[Result "1-0"]
[WhiteElo "1914"]
[BlackElo "1426"]
[WhiteFideId "1472844"]
[BlackFideId ""]
[EventDate "2025.09.26"]
[EventType "swiss"]
[EventRounds "5"]
[EventCountry "DEN"]
[SourceTitle "Turneringssystemet"]

1. e4 e5 2. f4 d6 3. Nf3 Nc6 4. Bc4 Be6 5. Bxe6 fxe6 6. fxe5 Nxe5 7. Nxe5 dxe5 8. Qh5+ Kd7 9. Qxe5 Qf6 10. Qb5+ Kc8 11. Qe8+ Qd8 12. Qxe6+ Qd7 13. Qxd7+ Kxd7 14. O-O Bc5+ 15. Kh1 Ne7 16. c3 Rhf8 17. Re1 Nc6 18. d4 Be7 19. Be3 Rf7 20. Nd2 h6 21. Nf3 g5 22. d5 1-0

[Event "Ungdoms-DM U14 2025"]
[Site "Odense"]
[Date "2025.09.28"]
[Round "5"]
[White "Henriksen, Otto Skovslund"]
[Black "Kamal, Yogasimman"]
[Result "1/2-1/2"]
[WhiteElo "1765"]
[BlackElo "1830"]
[WhiteFideId "1484583"]
[BlackFideId "1477196"]
[EventDate "2025.09.26"]
[EventType "swiss"]
[EventRounds "5"]
[EventCountry "DEN"]
[SourceTitle "Turneringssystemet"]

1. d4 d5 2. c4 c6 3. Nf3 Nf6 4. Nc3 e6 5. Bg5 Be7 6. e3 Nbd7 7. Bd3 h6 8. Bh4 dxc4 9. Bxc4 b5 10. Bd3 Bb7 11. O-O O-O 12. Qc2 a6 13. Ne4 Rc8 14. Nc5 Nxc5 15. dxc5 Nd5 16. Bxe7 Qxe7 17. a3 Rce8 18. b4 e5 19. Nd2 Nf6 20. Ne4 Nxe4 21. Bxe4 Qg5 22. g3 f5 23. Bg2 f4 24. Qe4 Re7 25. h4 Qf6 26. exf4 exf4 27. Qxf4 Qxf4 28. gxf4 Rxf4 29. Rfe1 Rc7 30. Re4 1/2-1/2

[Event "Ungdoms-DM U14 2025"]
[Site "Odense"]
[Date "2025.09.28"]
[Round "5"]
[White "Vishart Lang, Dexter"]
[Black "Justesen, Laurits Skovgaard"]
[Result "0-1"]
[WhiteElo "1500"]
[BlackElo "1815"]
[WhiteFideId ""]
[BlackFideId "1482300"]
[EventDate "2025.09.26"]
[EventType "swiss"]
[EventRounds "5"]
[EventCountry "DEN"]
[SourceTitle "Turneringssystemet"]

1. e4 c6 2. d4 d5 3. Nc3 dxe4 4. Nxe4 Nf6 5. Nxf6+ exf6 6. Bc4 Bd6 7. Nf3 Bg4 8. h3 Bh5 9. O-O O-O 10. Be2 Nd7 11. Nd2 Bxe2 12. Qxe2 Re8 13. Qg4 g6 14. b3 f5 15. Qf3 Nf6 16. Nc4 Bc7 17. Bg5 Re6 18. Rfe1 Qe8 19. Qc3 Ne4 20. Rxe4 Rxe4 21. d5 cxd5 22. Ne3 Be5 23. Qe1 Bxa1 24. Qxa1 d4 25. Bh6 Qe5 26. f4 Qa5 27. a3 Qc3 28. Qxc3 dxc3 29. Nd5 Re2 30. Nxc3 Rxc2 31. Nd5 Rd8 32. Nf6+ Kh8 33. Bg5 Rdd2 34. b4 Rxg2+ 35. Kf1 Rgf2+ 36. Kg1 Rfd2 37. b5 Rd1# 0-1

[Event "Ungdoms-DM U14 2025"]
[Site "Odense"]
[Date "2025.09.28"]
[Round "5"]
[White "Andersen, Andrea Kildebjerg"]
[Black "Nielsen, Johannes Smedegaard"]
[Result "0-1"]
[WhiteElo "1363"]
[BlackElo "1664"]
[WhiteFideId "1487639"]
[BlackFideId "1472860"]
[EventDate "2025.09.26"]
[EventType "swiss"]
[EventRounds "5"]
[EventCountry "DEN"]
[SourceTitle "Turneringssystemet"]

1. e4 c5 2. Nf3 d6 3. Nc3 Nc6 4. Bc4 g6 5. O-O Bg7 6. d3 e6 7. Bd2 Nge7 8. Be3 Nd4 9. Bxd4 cxd4 10. Ne2 Nc6 11. c3 dxc3 12. Nxc3 O-O 13. Qd2 Bd7 14. Qe3 Rc8 15. Rfc1 a6 16. Rab1 Rc7 17. a3 Qc8 18. b3 Ne7 19. b4 b5 20. Ba2 Rxc3 21. Rxc3 Qxc3 22. Rb3 Qa1+ 23. Bb1 Rc8 24. g3 Bb2 25. Kg2 Qxb1 26. Qf4 e5 27. Qh6 Bc1 28. Rxb1 Bxh6 0-1

[Event "Ungdoms-DM U14 2025"]
[Site "Odense"]
[Date "2025.09.28"]
[Round "5"]
[White "Jensen, Helena Egilstrod"]
[Black "Kodiraliev, Kamron"]
[Result "0-1"]
[WhiteElo "1329"]
[BlackElo "1553"]
[WhiteFideId "1484591"]
[BlackFideId "1481860"]
[EventDate "2025.09.26"]
[EventType "swiss"]
[EventRounds "5"]
[EventCountry "DEN"]
[SourceTitle "Turneringssystemet"]

1. e4 e5 2. Nf3 Nf6 3. Nc3 Bc5 4. Bc4 d6 5. h3 O-O 6. d4 exd4 7. Nxd4 d5 8. exd5 Qe8+ 9. Be3 c6 10. Qf3 cxd5 11. Bxd5 Nxd5 12. Qxd5 Bxd4 13. Qxd4 Nc6 14. Qf4 a5 15. O-O-O Qe5 16. Qf3 Bf5 17. Qh5 Bg6 18. Qg4 Bh5 19. Qh4 Bxd1 20. Rxd1 Qe7 21. Qg3 Rad8 22. Rxd8 Qxd8 23. Bh6 Qf6 24. Bg5 Qg6 25. Nd5 h6 26. Nf4 Qxg5 27. Qh2 Nb4 28. h4 Qf5 29. Kd1 Qxc2+ 30. Ke1 Re8+ 31. Kf1 Qc4+ 32. Kg1 Re1# 0-1

[Event "Ungdoms-DM U14 2025"]
[Site "Odense"]
[Date "2025.09.28"]
[Round "5"]
[White "Mortensen, Philip"]
[Black "Johansen, Matti Gormsen"]
[Result "1-0"]
[WhiteElo "1612"]
[BlackElo "1200"]
[WhiteFideId "1483692"]
[BlackFideId ""]
[EventDate "2025.09.26"]
[EventType "swiss"]
[EventRounds "5"]
[EventCountry "DEN"]
[SourceTitle "Turneringssystemet"]

1. e4 e5 2. Nf3 Nc6 3. Bb5 a6 4. Ba4 b5 5. Bb3 Nf6 6. O-O Nxe4 7. Re1 d5 8. d3 Nf6 9. Nxe5 Nxe5 10. Rxe5+ Be7 11. Bg5 Bb7 12. Bxf6 gxf6 13. Rf5 Qd7 14. Rh5 O-O-O 15. Nc3 Rdg8 16. Bxd5 Bxd5 17. Nxd5 Bd8 18. Qf3 Qd6 19. Rh6 Rg6 20. Rxg6 hxg6 21. h3 c6 22. Ne3 Bc7 23. Nf1 Rh4 24. Qg3 Qd4 25. Qf3 Qxb2 26. Re1 Qxc2 27. Qxf6 Rh7 28. Re7 Qxa2 29. Qxc6 Qa5 30. Qa8+ Bb8 31. Qb7+ Kd8 32. Qd7# 1-0